NBA Best Performances of the 2016-2017 Season - Statistics

General Stats
  • This quiz has been taken 26 times
  • The average score is 25 of 30
Answer Stats
Points Player % Correct
44 Lebron James
100%
41 Lebron James
100%
70 Devin Booker
96%
57 Russell Westbrook
96%
50 Russell Westbrook
96%
58 Russell Westbrook
96%
48 Russell Westbrook
96%
41 Russell Westbrook
96%
45 Russell Westbrook
96%
45 Russell Westbrook
96%
38 Russell Westbrook
96%
53 James Harden
88%
51 James Harden
88%
41 James Harden
88%
41 James Harden
88%
38 James Harden
88%
59 Damian Lillard
84%
40 Kevin Durant
84%
60 Klay Thompson
84%
50 Anthony Davis
76%
46 Anthony Davis
76%
52 Anthony Davis*
76%
45 Anthony Davis
76%
40 Anthony Davis
76%
55 Demarcus Cousins
72%
46 Demarcus Cousins
72%
52 John Wall
60%
52 Jimmy Butler
56%
47 Karl-Anthony Towns
48%
40 Karl-Anthony Towns
48%
No matching quizzes found
Score Distribution
Percent of People with Each Score
Percentile by Number Answered
Your Score History
You have not taken this quiz